Fußball Vereine aus Berlin - Statistiken

Allgemein
  • Dieses Quiz wurde 80 mal gespielt
  • Das Durchschnittsergebnis liegt bei 4 aus 7
Antwortstatistiken
Liga Verein % Korrekt
2B Hertha BSC
99%
B Union Berlin
96%
RL BFC Dynamo
54%
RL Hertha 03 Zehlendorf
37%
RL Altglienicke
32%
RL Hertha BSC II
18%
RL BFC Preussen
17%
Keine übereinstimmenden Quizze gefunden
Verteilung der Resultate
Anzahl Personen mit jedem Resultat
Perzentil nach korrekt beantworteten Fragen
Ihre Resultats-Entwicklung
Sie haben dieses Quiz noch nicht gespielt